[Event "Deizisau Autumn op 17th"]
[Site "Deizisau"]
[Date "2023.10.28"]
[Round "3"]
[White "Wolf, Rainer"]
[Black "Seyb, Dieter"]
[Result "1/2-1/2"]
[WhiteElo "1984"]
[BlackElo "2166"]
[PlyCount "68"]
[EventDate "2023.10.27"]
[EventType "swiss"]
[EventRounds "7"]
[EventCountry "GER"]
[SourceTitle "Mega2024 Update 01"]
[Source "Chessbase"]
[SourceDate "2023.11.12"]
[SourceVersion "1"]
[SourceVersionDate "2023.11.12"]
[SourceQuality "1"]

1. Nf3 Nf6 2. e3 g6 3. b4 Bg7 4. Bb2 d6 5. c4 0-0 6. Be2 e5 7. 0-0 Re8 8. d3 a5 9. b5 c6 10. a4 Nbd7 11. Nbd2 d5 12. Qc2 c5 13. cxd5 Nxd5 14. Ne4 Qe7 15. Qb3 Nb4 16. Nfd2 Nf6 17. Qc3 b6 18. Nxf6+ Bxf6 19. e4 Bg7 20. Nc4 Rb8 21. f4 f6 22. fxe5 fxe5 23. h3 Be6 24. Rf3 Bxc4 25. Qxc4+ Qe6 26. d4 exd4 27. Qxe6+ Rxe6 28. Bc4 Rbe8 29. Raf1 d3 30. Bxg7 Kxg7 31. Bxe6 Rxe6 32. Rf7+ Kg8 33. Rf8+ Kg7 34. R8f7+ Kg8 1/2-1/2

[Event "Oberliga Wuerttemberg 2122"]
[Site "Wuerttemberg"]
[Date "2022.04.10"]
[Round "8.5"]
[White "Gheng, Dominik"]
[Black "Wolf, Rainer"]
[Result "1/2-1/2"]
[WhiteElo "2039"]
[BlackElo "2020"]
[PlyCount "87"]
[EventDate "2021.09.19"]
[EventType "team-tourn"]
[EventRounds "9"]
[EventCountry "GER"]
[SourceTitle "EXT 2023"]
[Source "ChessBase"]
[SourceDate "2022.10.05"]
[SourceVersion "1"]
[SourceVersionDate "2022.10.05"]
[SourceQuality "1"]
[WhiteTeam "Deizisau II"]
[BlackTeam "Ulm Weisse Dame"]
[WhiteTeamCountry "GER"]
[BlackTeamCountry "GER"]

1. e4 g6 2. d4 Bg7 3. f4 d6 4. Nf3 a6 5. c4 Bg4 6. Be3 e5 7. dxe5 dxe5 8. Qxd8+ Kxd8 9. Nxe5 Bxe5 10. fxe5 Nc6 11. Nc3 Nxe5 12. h3 Be6 13. 0-0-0+ Nd7 14. Bd4 f6 15. Be2 c6 16. Na4 Ke8 17. Rd2 b5 18. Nc5 Nxc5 19. Bxc5 Rd8 20. Rxd8+ Kxd8 21. Rd1+ Kc7 22. Bd6+ Kb7 23. cxb5 axb5 24. a4 Bb3 25. Rd4 Bxa4 26. Bc5 h5 27. Rb4 f5 28. e5 Nh6 29. e6 Re8 30. e7 Ng8 31. b3 Nxe7 32. bxa4 Nd5 33. Rb2 Nc3 34. Bf3 Nxa4 35. Rxb5+ Ka6 36. Bxc6 Rc8 37. Bb7+ Kxb5 38. Bxc8 Nxc5 39. Kd2 Kc6 40. Ke3 Kc7 41. Bxf5 gxf5 42. Kf4 h4 43. Kxf5 Nd3 44. Kg4 1/2-1/2

[Event "Oberliga Wuerttemberg 2122"]
[Site "Wuerttemberg"]
[Date "2021.10.31"]
[Round "2.5"]
[White "Wolf, Rainer"]
[Black "Migl, Dieter"]
[Result "0-1"]
[WhiteElo "2020"]
[BlackElo "2150"]
[PlyCount "68"]
[EventDate "2021.09.19"]
[EventType "team-tourn"]
[EventRounds "9"]
[EventCountry "GER"]
[SourceTitle "EXT 2023"]
[Source "ChessBase"]
[SourceDate "2022.10.05"]
[SourceVersion "1"]
[SourceVersionDate "2022.10.05"]
[SourceQuality "1"]
[WhiteTeam "Ulm Weisse Dame"]
[BlackTeam "Stuttgart SF II"]
[WhiteTeamCountry "GER"]
[BlackTeamCountry "GER"]

1. Nf3 e6 2. e3 Nf6 3. Be2 Be7 4. 0-0 0-0 5. Nc3 d5 6. d4 b6 7. Ne5 Bb7 8. a4 a6 9. Bd3 c5 10. g4 Nc6 11. f4 Nxe5 12. dxe5 Ne4 13. Qf3 c4 14. Bxe4 dxe4 15. Qe2 Qc7 16. Rd1 Rad8 17. Bd2 g5 18. h3 f6 19. exf6 Rxf6 20. Rf1 gxf4 21. exf4 Rxd2 22. Qxd2 Bc5+ 23. Kh2 e3 24. Qe1 Rxf4 25. Rxf4 Qxf4+ 26. Qg3 e5 27. Rd1 Qf2+ 28. Qxf2 exf2 29. Kg3 e4 30. Kg2 e3+ 31. Kf1 Bf3 32. Rd7 a5 33. g5 Bh5 34. Nd1 e2+ 0-1

[Event "Oberliga Wuerttemberg 1718"]
[Site "Wuerttemberg"]
[Date "2018.03.18"]
[Round "8"]
[White "Wolf, Rainer"]
[Black "Hoenick, Andreas"]
[Result "1-0"]
[WhiteElo "2048"]
[BlackElo "2113"]
[PlyCount "75"]
[EventDate "2017.09.17"]
[EventType "team-tourn"]
[EventRounds "9"]
[EventCountry "GER"]
[SourceTitle "EXT 2019"]
[Source "ChessBase"]
[SourceDate "2018.10.10"]
[SourceVersion "1"]
[SourceVersionDate "2018.10.10"]
[SourceQuality "1"]
[WhiteTeam "Ulm Weisse Dame"]
[BlackTeam "Schwaebisch Gmuend"]
[WhiteTeamCountry "GER"]
[BlackTeamCountry "GER"]

1. Nf3 d5 2. e3 Nf6 3. d4 c5 4. Nc3 Bg4 5. h3 Bxf3 6. Bb5+ Nc6 7. Qxf3 e6 8. 0-0 Qc7 9. e4 dxe4 10. Nxe4 Nxe4 11. Qxe4 cxd4 12. Qxd4 Bd6 13. Bxc6+ Qxc6 14. Rd1 0-0-0 15. Bf4 Bc7 16. Qe3 e5 17. Bg3 Kb8 18. Bxe5 Rde8 19. Bxc7+ Qxc7 20. Qg3 Qxg3 21. fxg3 Re2 22. Rac1 Rc8 23. Rf1 Rcxc2 24. Rxc2 Rxc2 25. Rxf7 Rxb2 26. Rxg7 Rxa2 27. Rxh7 Ra6 28. Rh5 Rg6 29. Kf2 a6 30. h4 Kc7 31. Rh7+ Kc6 32. h5 Rd6 33. h6 b5 34. Rh8 Kb7 35. h7 Rh6 36. g4 b4 37. g5 Rh5 38. g6 1-0

[Event "Ulm/Neu Ulm-ch"]
[Site "Ulm/Neu Ulm"]
[Date "2017.10.20"]
[Round "3"]
[White "Mayer, Arnd"]
[Black "Wolf, Rainer"]
[Result "0-1"]
[WhiteElo "2036"]
[BlackElo "2004"]
[PlyCount "114"]
[EventDate "2017.09.22"]
[EventType "swiss"]
[EventRounds "7"]
[EventCountry "GER"]
[SourceTitle "EXT 2019"]
[Source "ChessBase"]
[SourceDate "2018.10.10"]
[SourceVersion "1"]
[SourceVersionDate "2018.10.10"]
[SourceQuality "1"]

1. d4 d5 2. Bf4 Nf6 3. e3 g6 4. Nd2 Bg7 5. Bd3 0-0 6. h3 Nc6 7. c3 Nd7 8. Ne2 e5 9. Bh2 Ne7 10. 0-0 c5 11. dxe5 Nxe5 12. Bc2 b6 13. Nf4 Ba6 14. Re1 Qd7 15. Nf3 Nxf3+ 16. Qxf3 Bb7 17. Qe2 a5 18. Rad1 Qc6 19. e4 d4 20. c4 Rfe8 21. Qf3 Qd7 22. Qb3 Ba6 23. Bd3 Rab8 24. Nd5 Rb7 25. a4 Qd8 26. Bg3 Nc6 27. Nc7 Rxc7 28. Qxb6 Rc8 29. Qxa6 Nb4 30. Qd6 Rc6 31. Qxd8 Rxd8 32. Re2 Rd7 33. f4 Rb7 34. Be1 Rcb6 35. e5 Bf8 36. Be4 Rb8 37. b3 Be7 38. g4 Bd8 39. f5 Bg5 40. Bd2 Bxd2 41. Rdxd2 Re8 42. Bb1 Na6 43. Bc2 Nb4 44. Bb1 gxf5 45. Bxf5 Kg7 46. Kg2 Rb7 47. e6 Rbe7 48. Re5 fxe6 49. Bb1 Rc8 50. Rde2 Rc6 51. Rh5 h6 52. Ree5 d3 53. Kf2 d2 54. Ke2 Rd6 55. Kd1 Rf7 56. Bf5 exf5 57. gxf5 Nd3 0-1

[Event "Wuerttemberg-ch"]
[Site "Stuttgart"]
[Date "2017.08.31"]
[Round "6"]
[White "Wolf, Rainer"]
[Black "Bauer, Eckart"]
[Result "1/2-1/2"]
[WhiteElo "2002"]
[BlackElo "2112"]
[PlyCount "109"]
[EventDate "2017.08.26"]
[EventType "swiss"]
[EventRounds "9"]
[EventCountry "GER"]
[SourceTitle "EXT 2019"]
[Source "ChessBase"]
[SourceDate "2018.10.10"]
[SourceVersion "1"]
[SourceVersionDate "2018.10.10"]
[SourceQuality "1"]

1. Nf3 c5 2. e3 Nf6 3. Be2 b6 4. 0-0 Bb7 5. d4 e6 6. c4 d6 7. Nc3 Be7 8. a3 0-0 9. b4 d5 10. bxc5 bxc5 11. Qb3 Ba6 12. cxd5 Bxe2 13. Nxe2 Qxd5 14. Qxd5 Nxd5 15. e4 Nb6 16. dxc5 Bxc5 17. Bf4 f6 18. Rfc1 Na6 19. a4 e5 20. Bd2 Rac8 21. a5 Nd7 22. Nc3 Rc6 23. Nd5 Rf7 24. Nb4 Nxb4 25. Bxb4 Rf8 26. Rc3 Rb8 27. Bxc5 Rxc5 28. Rxc5 Nxc5 29. Nd2 Rb2 30. Nc4 Rb4 31. Nd6 a6 32. f3 Nb3 33. Rb1 Kf8 34. Nc4 Rxc4 35. Rxb3 Ra4 36. Rb7 Rxa5 37. Ra7 Ra2 38. h4 h5 39. Kh2 Kg8 40. Kg3 Kh7 41. Kh3 Ra3 42. Kh2 Kh6 43. Kg3 g5 44. hxg5+ Kxg5 45. Rg7+ Kh6 46. Ra7 Ra1 47. Ra8 a5 48. Rf8 Kg6 49. Rg8+ Kf7 50. Ra8 a4 51. Kh4 Kg6 52. Rg8+ Kh6 53. Rh8+ Kg7 54. Ra8 Rh1+ 55. Kg3 1/2-1/2

[Event "Wuerttemberg-ch"]
[Site "Stuttgart"]
[Date "2017.08.29"]
[Round "4"]
[White "Wolf, Rainer"]
[Black "Wendler, David"]
[Result "0-1"]
[WhiteElo "2002"]
[BlackElo "2056"]
[PlyCount "90"]
[EventDate "2017.08.26"]
[EventType "swiss"]
[EventRounds "9"]
[EventCountry "GER"]
[SourceTitle "CBM 180 Extra"]
[Source "ChessBase"]
[SourceDate "2017.10.06"]
[SourceVersion "1"]
[SourceVersionDate "2017.10.06"]
[SourceQuality "1"]

1. c4 c5 2. Nc3 g6 3. g3 Bg7 4. Bg2 Nc6 5. Nf3 e5 6. 0-0 Nge7 7. e3 0-0 8. a3 d6 9. Rb1 a5 10. b3 h6 11. Bb2 Bf5 12. d3 Qd7 13. Re1 Rad8 14. Qe2 Bh3 15. Bh1 Rfe8 16. Nd2 Be6 17. Nd5 b5 18. Nb6 Qc7 19. cxb5 Qxb6 20. bxc6 d5 21. e4 Nxc6 22. exd5 Bxd5 23. Nc4 Qb7 24. Bxd5 Rxd5 25. Bc3 Qc7 26. Qd2 Ra8 27. Ne3 Rd7 28. Rbc1 Rad8 29. Nc4 Rxd3 30. Bxa5 Qb7 31. Qe2 Nxa5 32. Nxa5 Qb5 33. b4 cxb4 34. Nc6 R8d7 35. Nxb4 e4 36. Nxd3 exd3 37. Qe8+ Kh7 38. Rb1 Qd5 39. Qe4 d2 40. Qe8 dxe1Q+ 41. Rxe1 Bd4 42. Rf1 Rb7 43. a4 Qf3 44. Qe1 Rb2 45. a5 Re2 0-1

[Event "Wuerttemberg-ch"]
[Site "Stuttgart"]
[Date "2017.08.28"]
[Round "3"]
[White "Keller, Joachim"]
[Black "Wolf, Rainer"]
[Result "0-1"]
[WhiteElo "1932"]
[BlackElo "2002"]
[PlyCount "86"]
[EventDate "2017.08.26"]
[EventType "swiss"]
[EventRounds "9"]
[EventCountry "GER"]
[SourceTitle "CBM 180 Extra"]
[Source "ChessBase"]
[SourceDate "2017.10.06"]
[SourceVersion "1"]
[SourceVersionDate "2017.10.06"]
[SourceQuality "1"]

1. d4 Nf6 2. Bf4 d6 3. e3 g6 4. Nf3 Bg7 5. Be2 0-0 6. 0-0 Nbd7 7. h3 h6 8. c4 Nh7 9. Nc3 e5 10. Bh2 Kh8 11. b4 a5 12. a3 axb4 13. axb4 Rxa1 14. Qxa1 exd4 15. exd4 Re8 16. Qc1 c5 17. Qd2 Ng5 18. Bxd6 Nxf3+ 19. Bxf3 cxd4 20. Nb5 Ne5 21. Bd5 Qf6 22. c5 Nc6 23. Re1 Rxe1+ 24. Qxe1 Bd7 25. Nc7 d3 26. Qd2 Qa1+ 27. Kh2 Qc3 28. Bf4 Qxd2 29. Bxd2 Be5+ 30. g3 Bxc7 31. f4 Be6 32. Bxc6 bxc6 33. Kg2 h5 34. h4 Bg4 35. Kf2 Kg7 36. Bc3+ f6 37. Ke3 Bf5 38. Kd4 Kf7 39. Kc4 Ke6 40. Kd4 g5 41. Ke3 Bd8 42. Kd4 Bh7 43. Ke3 Kd5 0-1

[Event "Wuerttemberg-ch KT"]
[Site "Stuttgart"]
[Date "2016.09.02"]
[Round "7"]
[White "Lelumees, Brait"]
[Black "Wolf, Rainer"]
[Result "0-1"]
[WhiteElo "2213"]
[BlackElo "2013"]
[PlyCount "55"]
[EventDate "2016.08.27"]
[EventType "swiss"]
[EventRounds "9"]
[EventCountry "GER"]
[SourceTitle "EXT 2017"]
[Source "ChessBase"]
[SourceDate "2016.10.25"]
[SourceVersion "1"]
[SourceVersionDate "2016.10.25"]
[SourceQuality "1"]

1. e4 g6 2. d4 Bg7 3. Nc3 d6 4. f4 a6 5. Nf3 b5 6. Bd3 Bb7 7. 0-0 Nd7 8. e5 c5 9. Be4 Bxe4 10. Nxe4 cxd4 11. Neg5 h6 12. e6 hxg5 13. Nxg5 fxe6 14. Nxe6 Qb6 15. Qd3 Nf8 16. Nxg7+ Kf7 17. Qe4 Qa7 18. f5 Nf6 19. Qf3 Kxg7 20. g4 N8d7 21. g5 Nh5 22. Qd5 Raf8 23. Qe6 Ne5 24. f6+ exf6 25. Qxd6 Nc4 26. Qc6 d3+ 27. Rf2 fxg5 28. Be3 0-1

[Event "Wuerttemberg-ch KT"]
[Site "Stuttgart"]
[Date "2016.08.30"]
[Round "4"]
[White "Wolf, Rainer"]
[Black "Klaus, Daniel"]
[Result "1/2-1/2"]
[WhiteElo "2013"]
[BlackElo "1943"]
[PlyCount "98"]
[EventDate "2016.08.27"]
[EventType "swiss"]
[EventRounds "9"]
[EventCountry "GER"]
[SourceTitle "EXT 2017"]
[Source "ChessBase"]
[SourceDate "2016.10.25"]
[SourceVersion "1"]
[SourceVersionDate "2016.10.25"]
[SourceQuality "1"]

1. Nf3 d5 2. e3 Nf6 3. d4 c6 4. Bd3 e6 5. 0-0 Be7 6. b3 0-0 7. c4 Nbd7 8. Qc2 Re8 9. Nc3 Nf8 10. e4 dxe4 11. Nxe4 b6 12. Bb2 Bb7 13. Ne5 Nxe4 14. Bxe4 Qc7 15. c5 bxc5 16. dxc5 f5 17. Bf3 Qa5 18. Rac1 Rac8 19. Rfd1 Red8 20. Nc4 Qa6 21. Be2 Rc7 22. a3 Rxd1+ 23. Rxd1 Bxc5 24. b4 Be7 25. Be5 Rd7 26. Bd4 Rxd4 27. Rxd4 c5 28. Rd1 Be4 29. Qd2 Qb7 30. f3 Bd5 31. Ne3 Bc6 32. b5 Be8 33. Bc4 Kh8 34. a4 Bf6 35. Nc2 Be5 36. Qd8 Qf7 37. a5 Bc7 38. Qd2 Qh5 39. f4 Bxf4 40. Qxf4 Qxd1+ 41. Bf1 Bxb5 42. Ne3 Qd4 43. Qb8 Qxe3+ 44. Kh1 Kg8 45. Qxb5 Qf2 46. h3 f4 47. Be2 Kf7 48. Bf3 Kf6 49. Qe8 Qe1+ 1/2-1/2

[Event "Staufer op 23rd"]
[Site "Leinzell"]
[Date "2011.01.02"]
[Round "2"]
[White "Wiley, Tom E"]
[Black "Wolf, Rainer"]
[Result "1-0"]
[WhiteElo "2295"]
[BlackElo "2058"]
[PlyCount "51"]
[EventDate "2011.01.02"]
[EventType "swiss"]
[EventRounds "9"]
[EventCountry "GER"]
[SourceTitle "CBM 140 Extra"]
[Source "ChessBase"]
[SourceDate "2011.03.01"]
[SourceVersion "1"]
[SourceVersionDate "2011.03.01"]
[SourceQuality "1"]

1. d4 d5 2. c4 e6 3. Nc3 c6 4. Qb3 a5 5. e3 Nf6 6. Nf3 Ne4 7. Nxe4 dxe4 8. Nd2 a4 9. Qc2 f5 10. c5 Qa5 11. Bc4 b5 12. cxb6 Qxb6 13. 0-0 Bd6 14. f3 exf3 15. Nxf3 Rf8 16. e4 e5 17. Be3 fxe4 18. Qxe4 Bf5 19. Qh4 e4 20. Nd2 Qc7 21. Rae1 Be7 22. Bg5 Bxg5 23. Qxg5 Ra5 24. Nxe4 Be6 25. Nc5 Rxf1+ 26. Kxf1 1-0

[Event "Ulm/Neu Ulm-ch"]
[Site "Ulm/Neu Ulm"]
[Date "2008.11.28"]
[Round "6"]
[White "Wolf, Rainer"]
[Black "Skander, Souissi"]
[Result "1-0"]
[WhiteElo "2002"]
[BlackElo "1850"]
[PlyCount "127"]
[EventDate "2008.09.19"]
[EventType "swiss"]
[EventRounds "7"]
[EventCountry "GER"]
[SourceTitle "EXT 2011"]
[Source "ChessBase"]
[SourceDate "2010.11.26"]
[SourceVersion "1"]
[SourceVersionDate "2010.11.26"]
[SourceQuality "1"]

1. Nf3 Nf6 2. e3 d5 3. Be2 e6 4. 0-0 Bd6 5. d4 0-0 6. c4 dxc4 7. Bxc4 a6 8. a4 b6 9. Nc3 Bb7 10. Bd3 c5 11. dxc5 Bxc5 12. e4 Nbd7 13. Qe2 Qc7 14. Bg5 Ng4 15. Rac1 Qb8 16. h3 Nge5 17. Nxe5 Qxe5 18. Be3 Rfd8 19. Kh1 Bxe3 20. Qxe3 Nc5 21. Bc2 Qd4 22. Qg5 h6 23. Qh4 Qb4 24. Rb1 Rd2 25. Rfc1 Qd4 26. f3 Rd8 27. Rd1 Qb4 28. Qe1 Rxd1 29. Rxd1 Rxd1 30. Qxd1 Qxb2 31. Qd2 Qb4 32. Qd8+ Kh7 33. e5+ g6 34. Qf8 Qf4 35. Ne2 Qxe5 36. Qxf7+ Qg7 37. Bxg6+ Kh8 38. Qe8+ Qg8 39. Nc3 Qxe8 40. Bxe8 Kg7 41. Kg1 Kf6 42. Kf2 Ke7 43. Bh5 Bc6 44. Ke3 Nxa4 45. Nxa4 Bxa4 46. Kd4 Kf6 47. g4 Bc6 48. f4 a5 49. h4 a4 50. g5+ hxg5 51. fxg5+ Kg7 52. Kc3 b5 53. Kb4 Bd7 54. Bd1 e5 55. Bc2 Bc6 56. Kc5 e4 57. h5 a3 58. Bb1 e3 59. h6+ Kg8 60. g6 e2 61. Ba2+ Kf8 62. g7+ Ke7 63. g8Q e1Q 64. Kxc6 1-0

[Event "Ulm/Neu Ulm-ch"]
[Site "Ulm/Neu Ulm"]
[Date "2008.11.14"]
[Round "5"]
[White "Anistratov, Dmitrij"]
[Black "Wolf, Rainer"]
[Result "1-0"]
[WhiteElo "2333"]
[BlackElo "2002"]
[PlyCount "75"]
[EventDate "2008.09.19"]
[EventType "swiss"]
[EventRounds "7"]
[EventCountry "GER"]
[SourceTitle "EXT 2011"]
[Source "ChessBase"]
[SourceDate "2010.11.26"]
[SourceVersion "1"]
[SourceVersionDate "2010.11.26"]
[SourceQuality "1"]

1. Nf3 g6 2. e4 Bg7 3. d4 d6 4. Nc3 c6 5. a4 a5 6. h3 h6 7. Be3 Nd7 8. Be2 e6 9. 0-0 d5 10. Re1 dxe4 11. Nxe4 Ndf6 12. Nc5 Nd5 13. Bd2 Nge7 14. Qc1 Nf5 15. c3 b6 16. Nd3 Nde7 17. Nde5 f6 18. Nc4 g5 19. Bd3 0-0 20. Qc2 Nd6 21. Nxd6 Qxd6 22. c4 Rd8 23. Rad1 Kh8 24. Bc3 Nf5 25. d5 cxd5 26. cxd5 Ne7 27. dxe6 Bb7 28. Be4 Bxe4 29. Qxe4 Qc7 30. Rd7 Qc5 31. Bd4 Qb4 32. Bxb6 Qxb6 33. Rxe7 Ra7 34. Rxa7 Qxa7 35. e7 Re8 36. Nd4 f5 37. Nxf5 Bf6 38. Qc6 1-0

[Event "Ulm/Neu Ulm-ch"]
[Site "Ulm/Neu Ulm"]
[Date "2007.09.21"]
[Round "1"]
[White "Wolf, Rainer"]
[Black "Hengstberger, Uli"]
[Result "1-0"]
[WhiteElo "1989"]
[BlackElo "1450"]
[PlyCount "73"]
[EventDate "2007.09.21"]
[EventType "swiss"]
[EventRounds "7"]
[EventCountry "GER"]
[SourceTitle "EXT 2011"]
[Source "ChessBase"]
[SourceDate "2010.11.26"]
[SourceVersion "1"]
[SourceVersionDate "2010.11.26"]
[SourceQuality "1"]

1. Nf3 d5 2. e3 Nf6 3. Be2 Bf5 4. 0-0 Nbd7 5. d4 e6 6. c4 c6 7. Nc3 Ne4 8. Nd2 Nxc3 9. bxc3 Be7 10. Qb3 Qc7 11. Ba3 Nf6 12. cxd5 exd5 13. c4 0-0 14. cxd5 Bxa3 15. Qxa3 cxd5 16. Rac1 Qd7 17. Qa5 b6 18. Qb4 Rfd8 19. Ba6 Ne8 20. Rc3 Qd6 21. Qxd6 Rxd6 22. Rfc1 Rad8 23. Ra3 Nf6 24. Nf3 Ne4 25. Ne5 Bd7 26. Rc7 f6 27. Nxd7 R6xd7 28. Rc1 Kf7 29. f3 Nd6 30. Kf2 Re7 31. Rc6 Nf5 32. g4 Rd6 33. Bb5 a6 34. gxf5 Rd8 35. Rxa6 g6 36. Raxb6 gxf5 37. Rxf6+ 1-0

[Event "Ulm/Neu Ulm-ch"]
[Site "Ulm/Neu Ulm"]
[Date "2005.??.??"]
[Round "?"]
[White "Gonzalez, Jose1111"]
[Black "Wolf, Rainer"]
[Result "0-1"]
[WhiteElo "1647"]
[BlackElo "2042"]
[PlyCount "75"]
[EventDate "2005.11.26"]
[EventType "swiss"]
[EventRounds "7"]
[EventCountry "GER"]
[SourceTitle "EXT 2011"]
[Source "ChessBase"]
[SourceDate "2010.11.26"]
[SourceVersion "1"]
[SourceVersionDate "2010.11.26"]
[SourceQuality "1"]

1. e4 d5 2. exd5 Qxd5 3. Nc3 Qd8 4. d4 e6 5. Bd3 Nf6 6. Nge2 Be7 7. 0-0 0-0 8. f4 c5 9. Kh1 Nc6 10. dxc5 Bxc5 11. a3 Ng4 12. Qe1 f5 13. b4 Bb6 14. Na4 e5 15. Nxb6 Qxb6 16. h3 Ne3 17. Rf3 Nd5 18. Bc4 Be6 19. Bb2 Nd4 20. Nxd4 exd4 21. Rd1 Rfe8 22. Bxd4 Qc7 23. Rg3 g6 24. Bb3 Bf7 25. Be5 Qc6 26. c4 Nxf4 27. Qe3 Nh5 28. Rg5 Nf6 29. Rd6 Qxd6 30. Bxd6 Rxe3 31. Rg3 Rxg3 32. Bxg3 Ne4 33. Bf4 b5 34. Bc2 bxc4 35. Bxe4 fxe4 36. Kg1 Bd5 37. Kf2 Rf8 38. g3 0-1

[Event "Ulm/Neu Ulm-ch"]
[Site "Ulm/Neu Ulm"]
[Date "2004.12.10"]
[Round "7"]
[White "Locher, Klaus"]
[Black "Wolf, Rainer"]
[Result "0-1"]
[WhiteElo "1800"]
[BlackElo "2048"]
[PlyCount "72"]
[EventDate "2004.09.17"]
[EventType "swiss"]
[EventRounds "7"]
[EventCountry "GER"]
[SourceTitle "EXT 2011"]
[Source "ChessBase"]
[SourceDate "2010.11.26"]
[SourceVersion "1"]
[SourceVersionDate "2010.11.26"]
[SourceQuality "1"]

1. c4 c5 2. Nc3 Nc6 3. g3 g6 4. Bg2 Bg7 5. e4 d6 6. Nge2 h5 7. h4 Bg4 8. f3 Bd7 9. d3 e6 10. Be3 Nd4 11. Bf2 Qa5 12. 0-0 Nxe2+ 13. Nxe2 Bxb2 14. Rb1 Bg7 15. d4 Qc7 16. dxc5 dxc5 17. f4 Rd8 18. Qc2 b6 19. Rbd1 Ne7 20. Rd3 0-0 21. Rfd1 Bc8 22. Nc3 Bxc3 23. Qxc3 Rxd3 24. Qxd3 Nc6 25. Qd6 Qxd6 26. Rxd6 Na5 27. Bf1 Ba6 28. Be1 Nb7 29. Rc6 Rd8 30. Bc3 Nd6 31. Bf6 Rd7 32. f5 Bb7 33. fxe6 fxe6 34. Rxd6 Rxd6 35. e5 Rd2 36. Bh3 Kf7 0-1

[Event "Ulm/Neu Ulm-ch"]
[Site "Ulm/Neu Ulm"]
[Date "2004.11.12"]
[Round "5"]
[White "Wolf, Rainer"]
[Black "Stuermer, Axel"]
[Result "1-0"]
[WhiteElo "2048"]
[BlackElo "1904"]
[PlyCount "78"]
[EventDate "2004.09.17"]
[EventType "swiss"]
[EventRounds "7"]
[EventCountry "GER"]
[SourceTitle "EXT 2011"]
[Source "ChessBase"]
[SourceDate "2010.11.26"]
[SourceVersion "1"]
[SourceVersionDate "2010.11.26"]
[SourceQuality "1"]

1. Nf3 c5 2. e3 g6 3. Be2 Bg7 4. d4 Nc6 5. 0-0 b6 6. d5 Ne5 7. c4 d6 8. Nc3 Bd7 9. Kh1 Qc8 10. a4 h5 11. Ng5 Nh6 12. e4 Bg4 13. f3 Bd7 14. a5 0-0 15. axb6 axb6 16. Rxa8 Qxa8 17. f4 Neg4 18. h3 Nf6 19. e5 Nh7 20. Nxh7 Kxh7 21. exd6 exd6 22. Ne4 Qb8 23. g4 hxg4 24. hxg4 Rh8 25. Kg2 Bd4 26. Rh1 Kg7 27. f5 Nxg4 28. Bxg4 gxf5 29. Bh3 Rxh3 30. Rxh3 fxe4 31. Bh6+ Kf6 32. Qf1+ Bf5 33. Qf4 Qg8+ 34. Rg3 Qh7 35. Qg5+ Ke5 36. Bg7+ Qxg7 37. Qxg7+ Kf4 38. Qg5+ Ke5 39. Rg4 Be3 1-0

[Event "Ulm/Neu Ulm-ch"]
[Site "Ulm/Neu Ulm"]
[Date "2004.10.29"]
[Round "4"]
[White "Grupp, Berthold"]
[Black "Wolf, Rainer"]
[Result "0-1"]
[WhiteElo "1730"]
[BlackElo "2048"]
[PlyCount "28"]
[EventDate "2004.09.17"]
[EventType "swiss"]
[EventRounds "7"]
[EventCountry "GER"]
[SourceTitle "EXT 2011"]
[Source "ChessBase"]
[SourceDate "2010.11.26"]
[SourceVersion "1"]
[SourceVersionDate "2010.11.26"]
[SourceQuality "1"]

1. Nf3 Nf6 2. g3 e6 3. c4 d5 4. b3 Be7 5. Bb2 0-0 6. Bg2 e5 7. Bxe5 dxc4 8. d4 Nc6 9. 0-0 Ne4 10. Nc3 Bf6 11. e3 Bg4 12. Ne2 Qc8 13. Re1 Qf5 14. Nf4 g5 0-1

[Event "Ulm/Neu Ulm-ch"]
[Site "Ulm/Neu Ulm"]
[Date "2004.09.17"]
[Round "1"]
[White "Wolf, Rainer"]
[Black "Mouratidis, Haralambos"]
[Result "1-0"]
[WhiteElo "2048"]
[BlackElo "1666"]
[PlyCount "100"]
[EventDate "2004.09.17"]
[EventType "swiss"]
[EventRounds "7"]
[EventCountry "GER"]
[SourceTitle "EXT 2011"]
[Source "ChessBase"]
[SourceDate "2010.11.26"]
[SourceVersion "1"]
[SourceVersionDate "2010.11.26"]
[SourceQuality "1"]

1. Nf3 Nf6 2. e3 c5 3. Be2 Nc6 4. d4 e6 5. 0-0 Be7 6. c4 d5 7. b3 Nd7 8. Bb2 Bf6 9. cxd5 exd5 10. Nc3 cxd4 11. exd4 Nb6 12. a4 a5 13. Ba3 Be7 14. Bc5 Be6 15. Bb5 0-0 16. Bxc6 bxc6 17. Ne5 Rc8 18. Nd3 Nd7 19. Bxe7 Qxe7 20. Re1 Qf6 21. Ne2 Bf5 22. Rc1 Qd8 23. Nc5 Nf6 24. Ng3 Bd7 25. Qd2 Rb8 26. Qf4 Rb4 27. h4 Qb8 28. Qxb8 Rbxb8 29. Nh5 Rfd8 30. Nxf6+ gxf6 31. Re7 Be8 32. Rce1 Kf8 33. Ra7 Rb4 34. Rd1 h5 35. Rxa5 Bd7 36. Ra7 Bf5 37. Rd2 Rdb8 38. a5 Rxb3 39. Nxb3 Rxb3 40. Ra8+ Kg7 41. a6 Ra3 42. a7 c5 43. dxc5 Bd7 44. Kh2 Ra4 45. g3 d4 46. g4 hxg4 47. Rd8 Rxa7 48. Rxd4 Be6 49. c6 Rc7 50. R4d6 Kg6 1-0

[Event "Wuerttemberg candidate op"]
[Site "Oeffingen"]
[Date "2002.08.30"]
[Round "7"]
[White "Straub, Peter"]
[Black "Wolf, Rainer"]
[Result "1/2-1/2"]
[WhiteElo "2082"]
[BlackElo "2058"]
[PlyCount "118"]
[EventDate "2002.??.??"]
[EventType "swiss"]
[EventRounds "9"]
[EventCountry "GER"]
[SourceTitle "EXT 2004"]
[Source "ChessBase"]
[SourceDate "2003.11.25"]
[SourceVersion "1"]
[SourceVersionDate "2003.11.25"]
[SourceQuality "1"]

1. e4 Nc6 2. Nf3 e5 3. Bb5 Nf6 4. Qe2 Bd6 5. c3 Qe7 6. 0-0 0-0 7. d3 Nd8 8. Nh4 Re8 9. Bg5 Ne6 10. Nf5 Qf8 11. Bxf6 gxf6 12. Qg4+ Kh8 13. Qh4 Be7 14. g3 Bd8 15. Kh1 c6 16. Bc4 d5 17. exd5 b5 18. Bb3 Nc5 19. Qh5 Nxb3 20. axb3 cxd5 21. Nd2 a5 22. c4 dxc4 23. bxc4 b4 24. Ne4 Re6 25. Rfe1 Ra7 26. Re3 Rd7 27. g4 Bb7 28. Kg1 Bxe4 29. dxe4 Bb6 30. Rh3 Qg8 31. c5 Bc7 32. Re1 Qg6 33. Ree3 Re8 34. Rh4 Qxh5 35. Rxh5 Rg8 36. Rg3 Rg5 37. Rh6 Rg6 38. Rh4 Kg8 39. Rgh3 Rd1+ 40. Kg2 Kf8 41. Ne3 Rc1 42. Rxh7 a4 43. Rh8+ Rg8 44. Rxg8+ Kxg8 45. Nd5 Ba5 46. c6 Kg7 47. Ne7 Bd8 48. Nf5+ Kg8 49. Rd3 Bb6 50. Ne7+ Kf8 51. Nd5 Ba5 52. Nxf6 b3 53. Rd5 a3 54. Rxe5 Rxc6 55. Nd7+ Kg7 56. bxa3 b2 57. Rb5 Rd6 58. Rxb2 Rxd7 59. Rb5 Ra7 1/2-1/2